000 01546cam a22002054a 4500
005 20250605163931.0
008 250528s ||||||||||||||||||||||||d
035 _a14679
040 _aGR-AtMCL
_bgre
_dGR-AtMCL
_eAACR2
245 1 _aΨυχοκινητική Εξέλιξη Νεογενών που Χρειάστηκαν Εντατική Νοσηλεία / Β' Νεογνικό Τμήμα Νοσοκομείου Παίδων ''Η Αγία Σοφία''
260 _bΑθήνα,
_c1998
300 _a112
520 _a5ο Πανελλήνιο Μετεκπαιδευτικό Σεμινάριο Εντατικής Νοσηλείας Νεογνών. Εισηγητές, Πρόλογος, Διάλεξη, Παρακολούθηση της Εξέλιξης των Νεογνών που Νοσηλεύτηκαν στη Β' Μονάδα Εντατικής Νοσηλείας Νεογνών 1978-1985, Σύγχρονες Απόψεις για την Διάγνωση και Αντιμετώπιση από Ομάδα Ειδικών των Προβληματικών Νεογνών, Δυνατότητες Αντιμετώπισης Παιδιών με Ειδικά Προβλήματα στην Ελλάδα Σήμερα, Ο Παιδίατρος και το Παιδί που Νοσηλεύτηκε σε Μονάδα Εντατικής Νοσηλείας Νεογνών.
700 1 _aΞάνθου Μ
_9420
700 1 _aΠανταζάτου Ε
_9421
700 1 _aΦωτόπουλος Σ
_9422
942 _cBK
999 _c301
_d301